000 00250nam a22001097a 4500
008 170124b xxu||||| |||| 00| 0 eng d
020 _a9780132352000
041 _aeng
080 _a618.2
245 _aNURSE'S DRUG GUIDE 2008
_cWILSON
942 _2udc
_cBK
999 _c3504
_d3504